| 000 | 00903nam a2200265 4500 | ||
|---|---|---|---|
| 001 | 36531 | ||
| 003 | BD-RjUL | ||
| 005 | 20211209052512.0 | ||
| 008 | 140625s1955 nyu 000 0 eng d | ||
| 035 | _a(BD-RjUL)36631 | ||
| 035 | _a(NNC)1474567 | ||
| 040 |
_dNjR _dNNC _aBD-RjUL _beng _cBD-RjUL |
||
| 041 | _aeng | ||
| 082 | 0 | 4 |
_a352.7382 _bCHP 1955 |
| 100 | 1 |
_aChristensen, A. N. _q(Asher Norman), _d1903-, _9111237 |
|
| 245 | 1 | 4 |
_aThe people, politics, and the politician : _ban anthology of American politics in action / _c A. N. Christensen and Evron M. Kirkpatrick. |
| 250 | _aRev and Brief Edition | ||
| 260 |
_aNew York : _bHolt , _c1955. |
||
| 300 |
_axiv,541 p. ; _c25 cm. |
||
| 651 | 0 |
_aUnited States _xPolitics and government. _9111238 |
|
| 700 | 1 |
_aKirkpatrick, E. M. _q(Evron Maurice), _d1911-, _eeditor. _9110717 |
|
| 942 |
_2ddc _cBK |
||
| 999 |
_c36531 _d36531 |
||